000 00502nam a2200181Ia 4500
005 20250508152135.0
008 008 250505s9999 xx 000 0 eng d
037 _aTextual
040 _aFEDL
_beng
_cFEDL
041 _aeng
_2eng
084 _a504, APP
_qFEDL
100 _aAppleton Edward
_9760849
245 0 _aScience and the nation
260 _aLondon, UK
_bThe Edinburgh University Press UK
_c1957
300 _axi,104p.
942 _cTEXL
_h504, APP
999 _c1334527
_d1334527